| 000 | 00811nab a2200241u 4500 | ||
|---|---|---|---|
| 001 | 08946 | ||
| 003 | HDC | ||
| 007 | c| |||a|c|aaaa | ||
| 008 | 210131b20151013my ||||| |||| 00| 0 may d | ||
| 040 | _aHDC | ||
| 100 |
_aSyarifah Dayana Syed Bakri / _eauthor _97667 |
||
| 245 | 0 |
_aHALA TUJU PKS / _cSyarifah Dayana Syed Bakri |
|
| 336 |
_atext _2rdacontent |
||
| 337 |
_acomputer _2rdamedia |
||
| 338 |
_aonline resource _2rdacarrier |
||
| 650 |
_aSmall and medium enterprises (SME) _97657 |
||
| 650 |
_aSME Corporation Malaysia (SME Corp) _99364 |
||
| 710 | _aHarian Metro | ||
| 856 | _zRequest full-text at [email protected] | ||
| 942 | _2lcc | ||
| 942 | _cNEWS | ||
| 942 | _kNWSC 001547 | ||
| 999 |
_c6269 _d6269 |
||